| 000 | 00960naa a22002777a 4500 | ||
|---|---|---|---|
| 001 | BR8801529 | ||
| 003 | BR-BrBNA | ||
| 005 | 20240918175955.0 | ||
| 007 | ta | ||
| 008 | 230509b bl.||||| |||| 00| 0 por d | ||
| 040 |
_aBR-BrBNA _bpor _cBiblioteca Nacional de Agricultura |
||
| 041 | _a(Pt) | ||
| 072 |
_aQ02 _b8966 |
||
| 090 | _aQ02 BR8801529 | ||
| 100 | 1 | _aSteger, E.S. | |
| 111 | 1 |
_a1. Simposio de Oleos Essenciais _cCampinas, SP (Brazil) _d27-28 Mar 1986 |
|
| 245 | 1 | _aEfeitos da recirculacao da agua na qualidade de oleos citricos | |
| 260 | 3 |
_aCampinas, SP (Brasil): _c1986. |
|
| 500 | _a1. Simposio de Oleos Essenciais Campinas, SP (Brasil): 1986. p. 147-154 (BR8801529-AM)Q02 | ||
| 650 | _aOLEO ESSENCIAL | ||
| 650 | _aFRUTA CITRICA | ||
| 650 | _aINDUSTRIA ALIMENTICIA | ||
| 773 | 0 |
_t1. Simposio de Oleos Essenciais _wQ02 BR8801529 _gCampinas, SP (Brasil), 1986. p. 147-154 |
|
| 909 |
_a202404 _bLucia _c55 _dLucia Elande |
||
| 942 |
_cAM _2AGRIS |
||
| 999 |
_c319056 _d319056 |
||